书目信息 |
| 书名: | Online information retrieval systems | |
| 作者: | Bernard Houghton and John Convey. | |
| 分册号: | ||
| 分册名: | 出版地: | London : |
|
| 出版社: | C. Bingley | |
| 出版时间: | 1984. | |
| 页数: | 205 p. : | |
| 开本: | 23 cm. | |
| 丛书名: | ||
| 中图分类号: | ||
| 科图分类号: | ||
| 其他分类号: | G354.4 | |
| 主题词: | ||
| 电子资源: | ||
| 000 | 00924cam 22000289a 450 | |
| 001 | E0730767291 | |
| 005 | 20070226083312.51 | |
| 008 | 040421s1984 enka b 1 eng | |
| 010 | @a83228694 | |
| 020 | @a0851573630. | |
| 040 | @aDLC@cDLC@dDLC | |
| 050 | 00 | @aZ699.3@b.H68 1984 |
| 082 | 00 | @a025.3/028/54 @2 19 |
| 090 | @aI266.9/W4/1984 | |
| 090 | @aG354.4 | |
| 099 | @dG354.4@ex5=2 | |
| 100 | 1 | @aHoughton, B.@q(Bernard),@d1935- |
| 245 | 10 | @aOnline information retrieval systems :@ban introductory manual to principles and practice / @cBernard Houghton and John Convey. |
| 250 | @a2nd ed. | |
| 260 | @aLondon :@bC. Bingley,@c1984. | |
| 300 | @a205 p. :@bill. ;@c23 cm. | |
| 500 | @aIncludes index. | |
| 504 | @aBibliography: p. 181-182. | |
| 650 | 0 | @aDatabase searching. |
| 650 | 0 | @aInformation retrieval. |
| 650 | 0 | @aOnline bibliographic searching. |
| 700 | 1 | @aConvey, John. |
| Online information retrieval systems : : an introductory manual to principles and practice / / Bernard Houghton and John Convey.-2nd ed.-London : : C. Bingley, , 1984. |
| 205 p. : : ill. ; ; 23 cm. |
| Includes index.-Bibliography: p. 181-182. |
| ISBN 0851573630. |
| ● |
| 相关链接 |
|
|
|
|
正题名:Online information retrieval systems
索取号:G354.4/x5=2
 
预约/预借
| 序号 | 登录号 | 条形码 | 馆藏地/架位号 | 状态 | 备注 |
| 1 | 182637 | 001170743 | 第二样本阅览室/ [索取号:G354.4/x5=2] | 在馆 | |
| 2 | 182638 | 001170752 | 第四借阅区/ [索取号:G354.4/x5=2] | 在馆 |